Scarlett Johansson Movies Quiz Stats

 Plays Quiz Updated Jan 4, 2021

     
Support Sporcle.
Go Orange.
Score 0/52 Timer 08:00
4 Plays Today
Year Movie % Correct
2021Black Widow
93%
2019Avengers: Endgame
92.6%
2012The Avengers
92.5%
2018Avengers: Infinity War
91.2%
2015Avengers: Age of Ultron
91.1%
2014Captain America: The Winter Soldier
80.9%
2016Captain America: Civil War
78.1%
2014Lucy
70.1%
2010Iron Man 2
68.3%
2016The Jungle Book
67.5%
2019Marriage Story
61.6%
2013Her
58.1%
2003Lost in Translation
57.4%
2019Jojo Rabbit
57.2%
2017Ghost in the Shell
55.9%
2003Girl with a Pearl Earring
40.6%
2005The Island
40.6%
2005Match Point
40%
2009He's Just Not That Into You
39.2%
2016Sing
38.9%
2008Vicky Cristina Barcelona
37.3%
2013Hitchcock
36.8%
2008The Other Boleyn Girl
36%
2013Don Jon
33.1%
2013Under The Skin
32.7%
2011We Bought A Zoo
32.5%
Year Movie % Correct
2018Isle of Dogs
30.9%
2017Rough Night
30.8%
2016Hail, Caesar!
30.1%
1998The Horse Whisperer
28.9%
2001Ghost World
28.7%
2007The Nanny Diaries
27.7%
2006The Prestige
26.6%
2006Scoop
25.7%
2014Chef
24%
1997Home Alone 3
23.3%
2006The Black Dahlia
19.2%
2008The Spirit
19.1%
2004The Perfect Score
17.5%
2004In Good Company
16.6%
2002Eight Legged Freaks
15.3%
2004A Love Song for Bobby Long
14.3%
1994North
13.3%
2004The SpongeBob SquarePants Movie
12.7%
2001The Man Who Wasn't There
12.1%
2004A Good Woman
10%
1996Manny & Lo
9.4%
1996If Lucy Fell
9.3%
1995Just Cause
8.7%
1999My Brother the Pig
8.6%
1997Fall
8.1%
2001An American Rhapsody
7.5%

From the Vault

Friends Titles: Tom Hanks

by chaosBEE

Movies 6m
We hope you had a nice Hanksgiving.
Remove Ads.
Support Sporcle.
Get the best of Sporcle when you Go Orange. This ad-free experience offers more features, more stats, and more fun while also helping to support Sporcle. Thank you for becoming a member.

Show Comments

Extras

Top Quizzes Today


Score Distribution

Your Account Isn't Verified!

In order to create a playlist on Sporcle, you need to verify the email address you used during registration. Go to your Sporcle Settings to finish the process.

Report this User

Report this user for behavior that violates our Community Guidelines.

Details: